=LDR 00000nam 2200000 4500 =001 INLIS000000000027926 =005 20130612130251 =008 ***********************************Ind** =035 ##$$0010-061300000027926 =041 ##$$a Ind =082 ##$$a 2x4.12 =090 ##$$a 2x4.12, Wah w =245 ##$$a Wahai anakku inilah tat cara shalat sesuai petunjuk nabi disertai tat cara wudhu dan dzikir setelah shalat =260 ##$$a 2007 $b Bogor =300 ##$$a 40 hlm, ilus, 15 cm =650 ##$$a Shalat =850 ##$$a NBPNMAT